000 00384nam a2200169Ia 4500
008 210210b1935 xxu||||| |||| 00| 0 eng d
041 _aeng
082 _a829/883
100 _aREED (M B)
245 _aSir Adams orchard
260 _aLondon
_bEdward Arnold & Co
_c1935
650 _aSir
650 _aorchard
650 _aAdams
690 _aEnglish Fiction
906 _a017498
999 _c137465
_d137465